Normal view
MARC view
- Taj, Rabia
Entry Personal Name
001 - CONTROL NUMBER
- control field: 125695
003 - CONTROL NUMBER IDENTIFIER
- control field: NUST
005 - DATE AND TIME OF LATEST TRANSACTION
- control field: 20240906162438.0
008 - FIXED-LENGTH DATA ELEMENTS
- fixed length control field: 240906|| aca||aabn | a|a d
040 ## - CATALOGING SOURCE
- Original cataloging agency: NUST
- Transcribing agency: NUST
100 ## - HEADING--PERSONAL NAME
- Personal name: Taj, Rabia
670 ## - SOURCE DATA FOUND
- Source citation: Work cat.: (NUST): Taj, Rabia, Transformative Insights: Anticipating Parkinson’s Motor Fluctuations with Wearable Sensors and Advanced Deep Learning Models/
